00213 a2200097 450000100060000008200160000610000170002224500240003926000430006330000090010664556 a8914393 RAQ aRaqya Jaffri aSonihra DariahUrdu aLahorebSang-e- Meel Publicationc1998 a32p.